British Birds by Picture - Buntings - Statistics

General Stats
  • This quiz has been taken 9 times
  • The average score is 13 of 20
Answer Stats
Picture Hint Answer % Correct
Emberiza calandra (aka Fat Bird of the Barley) Corn Bunting
100%
Calcarius lapponicus Lapland Bunting
100%
Plectrophenax nivalis Snow Bunting
100%
Emberiza citrinella (*) Yellowhammer
100%
Emberiza melanocephala Black-Headed Bunting
75%
Emberiza cirlus Cirl Bunting
75%
Emberiza schoeniclus Common Reed Bunting
75%
Emberiza hortulana Ortolan Bunting
75%
Emberiza bruniceps Red-Headed Bunting
75%
Emberiza cia Rock Bunting
75%
Emberiza rustica Rustic Bunting
75%
Emberiza spodocephala Black-Faced Bunting
50%
Emberiza caesia Cretzschmar's Bunting
50%
Emberiza pusilla Little Bunting
50%
Emberiza pallasi Pallas's Reed Bunting
50%
Emberiza leucocephalos Pine Bunting
50%
Emberiza chrysophrys Yellow-Browed Bunting
50%
Emberiza rutila Chestnut Bunting
25%
Emberiza fucata Chestnut-Eared Bunting
25%
Emberiza aureola Yellow-Breasted Bunting
25%
No matching quizzes found
Score Distribution
Percent of People with Each Score
Percentile by Number Answered
Your Score History
You have not taken this quiz